000 00274nam a22001337a 4500
008 170811b xxu||||| |||| 00| 0 eng d
020 _a9780030711411
041 _aeng
080 _a51
100 _a36
101 _aMAT
245 _aMATH
_cBENNETT,J.M
942 _2udc
_cBK
999 _c23226
_d23226